| 000 | 00665nam a22002057a 4500 | ||
|---|---|---|---|
| 005 | 20251006161849.0 | ||
| 010 | _aENG-146947 | ||
| 020 |
_a9789349015869 _c5495.00 |
||
| 035 | _aEN-130479 | ||
| 037 | _bDBAD | ||
| 082 |
_a614 _228 |
||
| 100 |
_aModi _985382 |
||
| 245 |
_aA Textbook of Medical Jurisprudence and Toxicology/ _cModi |
||
| 250 | _a28 | ||
| 260 |
_aHaryana _bLexisNexis _c2025 |
||
| 270 |
_a14th Floor, Building No. 10, Tower-B, DLF Cyber City, Phase-II, Gurgaon _bHaryana _e122002 _k+91-124-4774444 _l+91-1244774100 |
||
| 300 |
_aclvii,1226,524p. _c24cm.(hb) |
||
| 700 |
_aMulla _eAuthor _985378 |
||
| 942 |
_2ddc _cEN _h614 _e28 _mMOD |
||
| 999 |
_c213578 _d213578 |
||